[Event "SRB-chT2 Vojvodina League"]
[Site "Kac"]
[Date "2012.10.19"]
[Round "8"]
[White "Strangar, Zlatko"]
[Black "Subasic, Zarko"]
[Result "1-0"]
[WhiteElo "2221"]
[BlackElo "2133"]
[PlyCount "53"]
[EventDate "2012.10.14"]
[EventType "team-swiss"]
[EventRounds "11"]
[EventCountry "SRB"]
[SourceTitle "EXT 2015"]
[Source "ChessBase"]
[SourceDate "2014.11.20"]
[SourceVersion "1"]
[SourceVersionDate "2014.11.20"]
[SourceQuality "1"]

1. e4 c5 2. Nc3 Nc6 3. Nge2 g6 4. d4 cxd4 5. Nxd4 Bg7 6. Be3 d6 7. Bc4 Nf6 8. h3 0-0 9. Bb3 Bd7 10. 0-0 Rc8 11. f4 Na5 12. e5 Nh5 13. e6 Nxb3 14. axb3 fxe6 15. Rxa7 Nxf4 16. Rxf4 Rxf4 17. Bxf4 e5 18. Be3 exd4 19. Bxd4 e5 20. Be3 Bc6 21. b4 Qh4 22. b5 Qg3 23. Nd5 Rf8 24. bxc6 bxc6 25. Ne7+ Kh8 26. Qd2 d5 27. Nxc6 1-0